Seguros, matemática atuarial e financeira (Record no. 144695)

MARC details
000 -LÍDER
campo de controle de tamanho fixo 00530 a2200169 4500
001 - NÚMERO DE CONTROLE
campo de controle 144695
040 ## - FONTE DA CATALOGAÇÃO
Instituição que transcreveu o registro Leonardo Da Vinci
041 ## - CÓDIGO DE IDIOMA
Código do idioma do texto/trilha sonora ou título diferente Português
082 ## - CDD - CLASSIFICAÇÃO DECIMAL DE DEWEY
Número de Classificação 513.93 A993s
Número do exemplar A993s
100 ## - ENTRADA PRINCIPAL--NOME PESSOAL
Nome pessoal AZEVEDO, Gustavo Henrique W. de
245 ## - TÍTULO
Título Seguros, matemática atuarial e financeira
Restante do título uma abordagem introdutória
260 ## - PUBLICAÇÃO, DISTRIBUIÇÃO, ETC.
Nome do editor, distribuidor, etc. Saraiva
Data da publicação, distribuição, etc. 2008
Local de publicação, distribuição, etc. São Paulo
300 ## - DESCRIÇÃO FÍSICA
Extensão 312
362 ## - DATAS DE PUBLICAÇÃO E/OU DESIGNAÇÃO SEQUENCIAL
Datas de publicação e/ou designação sequencial 00002008
697 ## - ENTRADA DE ASSUNTO LOCAL--ENTIDADE COLETIVA (RLIN)
Nome corporativo ou nome da jurisdição Juros simples
-- Juros compostos
-- Taxas de juros
-- Descontos
-- Séries de pagamentos
-- Seguros e rendas
942 ## - ELEMENTOS DE ENTRADA ADICIONADOS (KOHA)
Tipo de material Koha Livros
Holdings
Situação do descarte Situação das perdas Situação física Não pode ser emprestado Biblioteca de origem Biblioteca atual Data de aquisição Total de empréstimos Número de chamada completo Código de barras Data de último acesso Data do preço efetivo Tipo de material Koha
        Leonardo Da Vinci - Osasco Leonardo Da Vinci - Osasco 27/03/2024   513.93 A993s O015971 27/03/2024 27/03/2024 Livros